[Event "SVK-chT3A2 1516"]
[Site "Slovakia"]
[Date "2015.12.20"]
[Round "5.1"]
[White "Filip, Frantisek"]
[Black "Manak, Adrian"]
[Result "0-1"]
[WhiteElo "1752"]
[BlackElo "1942"]
[PlyCount "88"]
[EventDate "2015.10.11"]
[EventType "team-tourn"]
[EventRounds "11"]
[EventCountry "SVK"]
[SourceTitle "EXT 2020"]
[Source "ChessBase"]
[SourceDate "2019.10.17"]
[SourceVersion "1"]
[SourceVersionDate "2019.10.17"]
[SourceQuality "1"]
[WhiteTeam "Hlohovec"]
[BlackTeam "Piestany Kupele"]
[WhiteTeamCountry "SVK"]
[BlackTeamCountry "SVK"]

1. c4 c6 2. Nc3 d5 3. cxd5 cxd5 4. e3 e5 5. d4 e4 6. a3 Nf6 7. Nge2 Nbd7 8. Nf4 Nb6 9. Qb3 Bd6 10. Bb5+ Bd7 11. Bxd7+ Qxd7 12. 0-0 0-0 13. Qb5 Bxf4 14. Qxd7 Bxh2+ 15. Kxh2 Nfxd7 16. a4 Nf6 17. a5 Nc4 18. b3 Nd6 19. Bd2 Rfc8 20. Rfc1 Rc6 21. Na4 Rac8 22. Rc5 b6 23. Rxc6 Rxc6 24. axb6 axb6 25. Rc1 Rxc1 26. Bxc1 Nc8 27. Nc3 Kf8 28. Kg3 Ke7 29. f3 Ke6 30. Ba3 Nd6 31. Na4 Nd7 32. Nc3 f5 33. Kf4 h6 34. Bxd6 g5+ 35. Kg3 Kxd6 36. f4 Nf6 37. fxg5 hxg5 38. Kf2 f4 39. b4 Ng4+ 40. Ke2 Nxe3 41. g3 Nc2 42. Kf2 Nxd4 43. gxf4 gxf4 44. b5 Kc5 0-1

[Event "SVK-chT2A 1112"]
[Site "Slovakia"]
[Date "2012.01.29"]
[Round "9.6"]
[White "Polacik, Igor"]
[Black "Manak, Adrian"]
[Result "1/2-1/2"]
[WhiteElo "2165"]
[BlackElo "1931"]
[PlyCount "182"]
[EventDate "2011.10.08"]
[EventType "team-tourn"]
[EventRounds "11"]
[EventCountry "SVK"]
[SourceTitle "EXT 2013"]
[Source "ChessBase"]
[SourceDate "2012.11.22"]
[SourceVersion "1"]
[SourceVersionDate "2012.11.22"]
[SourceQuality "1"]
[WhiteTeam "Bratislava Doprastav III"]
[BlackTeam "Piestany Kupele"]
[WhiteTeamCountry "SVK"]
[BlackTeamCountry "SVK"]

1. e4 g6 2. d4 Bg7 3. c4 c6 4. Nc3 d5 5. cxd5 cxd5 6. Nxd5 e6 7. Bb5+ Bd7 8. Bxd7+ Qxd7 9. Nc3 Bxd4 10. Nge2 Bxc3+ 11. Nxc3 Qxd1+ 12. Nxd1 Nc6 13. Bd2 Nge7 14. Bc3 0-0 15. Ne3 Rfd8 16. Bf6 Rd7 17. h4 h5 18. g4 Kh7 19. Bc3 Nd4 20. Kf1 e5 21. Kg2 f6 22. Rad1 Rad8 23. Rd2 Ndc6 24. Rhd1 Rxd2 25. Rxd2 Rxd2 26. Bxd2 hxg4 27. Nxg4 Kg7 28. Ne3 Kf7 29. Nc4 b6 30. Nd6+ Kg7 31. Ne8+ Kf7 32. Nd6+ Kg7 33. b4 a6 34. Ne8+ Kf7 35. Nd6+ Kg7 36. a4 Nd4 37. Ne8+ Kf7 38. Nc7 b5 39. a5 Nec6 40. Nxa6 Nc2 41. Nc7 N2xb4 42. a6 Nd3 43. Nxb5 Nc5 44. a7 Nxa7 45. Nxa7 Nxe4 46. Be3 Nd6 47. Nc6 Nf5 48. Kh3 Ke6 49. Nb4 Kf7 50. Nd5 Ke6 51. Nc3 Nd6 52. Bc5 Nf5 53. Bb6 Ng7 54. Kg4 Nh5 55. Bd8 Nf4 56. Kf3 Kf5 57. Ne4 Nd5 58. Ng3+ Ke6 59. Kg4 Nf4 60. Kf3 Kf7 61. Nf1 Ke6 62. Ne3 Kf7 63. Ng4 Nh5 64. Ke3 Ke6 65. Kd3 Nf4+ 66. Kc4 Nh5 67. Kc5 Kf5 68. Ne3+ Ke4 69. Nd5 f5 70. Nf6+ Kf3 71. Kd5 Nxf6+ 72. Bxf6 e4 73. Bd4 Kg4 74. Ke5 Kxh4 75. Kf4 Kh3 76. Bc5 Kg2 77. Be3 Kf1 78. Kg5 Ke2 79. Kf4 Kd3 80. Kg3 Ke2 81. Kg2 Ke1 82. Kg3 Ke2 83. Kf4 Kd3 84. Bb6 Ke2 85. Bc5 Kd3 86. Kg5 Ke2 87. Bb6 Kf3 88. Kxg6 f4 89. Kf5 e3 90. fxe3 fxe3 91. Bxe3 Kxe3 1/2-1/2

[Event "SVK-chT2A 1112"]
[Site "Slovakia"]
[Date "2012.01.07"]
[Round "7.6"]
[White "Sturdik, Igor"]
[Black "Manak, Adrian"]
[Result "1-0"]
[WhiteElo "2067"]
[BlackElo "1931"]
[PlyCount "103"]
[EventDate "2011.10.08"]
[EventType "team-tourn"]
[EventRounds "11"]
[EventCountry "SVK"]
[SourceTitle "EXT 2013"]
[Source "ChessBase"]
[SourceDate "2012.11.22"]
[SourceVersion "1"]
[SourceVersionDate "2012.11.22"]
[SourceQuality "1"]
[WhiteTeam "Trnava Lokomotiva II"]
[BlackTeam "Piestany Kupele"]
[WhiteTeamCountry "SVK"]
[BlackTeamCountry "SVK"]

1. e4 g6 2. d4 Bg7 3. Nc3 c6 4. f4 d5 5. e5 h5 6. Nf3 Nh6 7. Bd3 Bf5 8. Ng5 Bxd3 9. Qxd3 0-0 10. Bd2 e6 11. 0-0-0 c5 12. Nb5 a6 13. Nd6 c4 14. Qf3 Nc6 15. Be1 b5 16. h3 b4 17. g4 h4 18. Nxc4 dxc4 19. Qxc6 Rc8 20. Qd6 Qa5 21. Qxb4 Qd5 22. Rh2 f6 23. exf6 Bxf6 24. Qd2 c3 25. bxc3 Be7 26. Qe3 Bxg5 27. fxg5 Rf3 28. Qe5 Qxa2 29. gxh6 Qa1+ 30. Kd2 Qxc3+ 31. Ke2 Qxc2+ 32. Rd2 Qc4+ 33. Kxf3 Qf1+ 34. Bf2 Rf8+ 35. Ke3 Rf7 36. Qe4 Kh7 37. g5 Qc4 38. Bxh4 Rf1 39. Qd3 Qc1 40. Qc2 Re1+ 41. Bxe1 Qxe1+ 42. Rde2 Qg3+ 43. Ke4 Qh4+ 44. Kd3 Qxg5 45. Rhf2 Qb5+ 46. Qc4 Qb1+ 47. Ke3 Kxh6 48. Qd3 Qc1+ 49. Qd2 Qc6 50. Rg2 Kg7 51. Rxg6+ Kxg6 52. Qc2+ 1-0

[Event "SVK-chT2A 10/11"]
[Site "Slovakia"]
[Date "2011.03.27"]
[Round "11.3"]
[White "Skara, Vladimir"]
[Black "Manak, Adrian"]
[Result "1-0"]
[WhiteElo "2161"]
[BlackElo "1909"]
[PlyCount "62"]
[EventDate "2010.10.23"]
[EventType "team-tourn"]
[EventRounds "11"]
[EventCountry "SVK"]
[SourceTitle "EXT 2019"]
[Source "ChessBase"]
[SourceDate "2018.10.10"]
[SourceVersion "1"]
[SourceVersionDate "2018.10.10"]
[SourceQuality "1"]
[WhiteTeam "Modra II"]
[BlackTeam "Piestany Kupele"]
[WhiteTeamCountry "SVK"]
[BlackTeamCountry "SVK"]

1. e4 e6 2. d4 d5 3. Nc3 Bb4 4. e5 Ne7 5. a3 Bxc3+ 6. bxc3 c5 7. Qg4 Qc7 8. Bd2 cxd4 9. cxd4 Qxc2 10. Ne2 0-0 11. Nf4 Ng6 12. Bd3 Qb2 13. Nxg6 fxg6 14. Rb1 Qxa3 15. Ke2 Nc6 16. f3 b6 17. Rhc1 Nd8 18. Bb4 Qa2+ 19. Ke3 Rf5 20. Ra1 Qb2 21. Rcb1 Rxe5+ 22. dxe5 Qxe5+ 23. Kf2 Nc6 24. Bd2 Qxh2 25. Bf4 Qh5 26. Qxh5 gxh5 27. Rxb6 Bd7 28. Rb7 g5 29. Bxg5 Ne5 30. Bb1 Bc6 31. Bxh7+ Kf8 1-0

[Event "SVK-chT3A2 1011"]
[Site "Slovakia"]
[Date "2011.01.30"]
[Round "7.3"]
[White "Lajda, Dusan"]
[Black "Manak, Adrian"]
[Result "0-1"]
[WhiteElo "1890"]
[BlackElo "1909"]
[PlyCount "66"]
[EventDate "2010.10.17"]
[EventType "team-tourn"]
[EventRounds "11"]
[EventCountry "SVK"]
[SourceTitle "EXT 2012"]
[Source "ChessBase"]
[SourceDate "2011.11.24"]
[SourceVersion "1"]
[SourceVersionDate "2011.11.24"]
[SourceQuality "1"]
[WhiteTeam "Vrbove"]
[BlackTeam "Piestany Kupele II"]
[WhiteTeamCountry "SVK"]
[BlackTeamCountry "SVK"]

1. e4 e6 2. d4 d5 3. Nc3 Bb4 4. e5 Ne7 5. Nf3 c5 6. a3 cxd4 7. axb4 dxc3 8. bxc3 Qc7 9. Bb2 Ng6 10. Qe2 Nc6 11. g3 Ngxe5 12. b5 Nxf3+ 13. Qxf3 Ne5 14. Qf4 f6 15. Qb4 Nc4 16. Bc1 Kf7 17. Be2 Bd7 18. 0-0 a6 19. Bxc4 Qxc4 20. Qd6 Bxb5 21. Ba3 Rhe8 22. Qb6 Qc6 23. Qd4 Bxf1 24. Rxf1 Rac8 25. Rb1 b5 26. Bb4 Rc7 27. Ra1 e5 28. Qh4 Kg8 29. Qh5 g6 30. Qg4 Qe6 31. Qe2 d4 32. Rd1 dxc3 33. Rd6 Qc4 0-1

[Event "SVK-chT2A 10/11"]
[Site "Slovakia"]
[Date "2010.12.04"]
[Round "3.6"]
[White "Orolin, Peter"]
[Black "Manak, Adrian"]
[Result "0-1"]
[WhiteElo "2055"]
[BlackElo "1909"]
[PlyCount "100"]
[EventDate "2010.10.23"]
[EventType "team-tourn"]
[EventRounds "11"]
[EventCountry "SVK"]
[SourceTitle "EXT 2019"]
[Source "ChessBase"]
[SourceDate "2018.10.10"]
[SourceVersion "1"]
[SourceVersionDate "2018.10.10"]
[SourceQuality "1"]
[WhiteTeam "Bratislava Doprastav II"]
[BlackTeam "Piestany Kupele"]
[WhiteTeamCountry "SVK"]
[BlackTeamCountry "SVK"]

1. d4 d5 2. c4 c6 3. Nf3 Nf6 4. Nc3 dxc4 5. a4 Bf5 6. Ne5 Nbd7 7. Nxc4 Qc7 8. f3 e5 9. e4 Bg6 10. Be3 exd4 11. Bxd4 0-0-0 12. Qc2 Bc5 13. Bxc5 Nxc5 14. Be2 Ne6 15. b4 Nd5 16. Qb2 Nxc3 17. Qxc3 f6 18. 0-0 Nf4 19. Rfe1 Bf7 20. Bf1 Bxc4 21. Bxc4 Qb6+ 22. Kh1 Qd4 23. Rac1 Qxc3 24. Rxc3 g5 25. g3 Ng6 26. b5 cxb5 27. axb5 Kb8 28. Rec1 Rc8 29. Kg2 Rhe8 30. Kf2 Ne5 31. Be2 Rxc3 32. Rxc3 Rc8 33. Rxc8+ Kxc8 34. Ke3 Kc7 35. Kd4 Kd6 36. f4 gxf4 37. gxf4 Ng6 38. f5 Ne5 39. h3 Nd7 40. Bc4 Nc5 41. Bg8 h6 42. Bd5 a5 43. bxa6 bxa6 44. Bg8 a5 45. Bf7 a4 46. Bg8 Nb3+ 47. Kc4 Ke5 48. Kb4 Kxe4 49. Kxa4 Nd4 50. Kb4 Kxf5 0-1

[Event "Brezova op"]
[Site "Brezova pod Bradlom"]
[Date "2010.08.22"]
[Round "1"]
[White "Manak, Adrian"]
[Black "Kantorik, Marian"]
[Result "0-1"]
[WhiteElo "1895"]
[BlackElo "2379"]
[PlyCount "83"]
[EventDate "2010.08.22"]
[EventType "swiss"]
[EventRounds "9"]
[EventCountry "SVK"]
[SourceTitle "CBM 138 Extra"]
[Source "ChessBase"]
[SourceDate "2010.10.29"]
[SourceVersion "1"]
[SourceVersionDate "2010.10.29"]
[SourceQuality "1"]

1. e4 Nf6 2. Nc3 d5 3. e5 Ne4 4. Nxe4 dxe4 5. d4 exd3 6. Bxd3 Nc6 7. f4 Nb4 8. Be3 Nxd3+ 9. Qxd3 Qxd3 10. cxd3 Bf5 11. d4 e6 12. Ne2 Bb4+ 13. Nc3 0-0 14. 0-0 Rfd8 15. Rfd1 Rd7 16. a3 Bf8 17. b4 a5 18. b5 Bc2 19. Rdc1 Bb3 20. Ne4 b6 21. a4 Bb4 22. Kf2 Kf8 23. g3 Rc8 24. Ng5 h6 25. Nf3 Bd5 26. Rc2 Ke8 27. Ne1 Kd8 28. Nd3 Be7 29. Rc3 c6 30. bxc6 Rxc6 31. Rac1 Rxc3 32. Rxc3 Rc7 33. Bd2 Rxc3 34. Bxc3 Bb3 35. Nb2 Kd7 36. Ke2 Kc6 37. Kd3 Kd5 38. Bd2 h5 39. h4 Ba3 40. Bc1 Kc6 41. Kc3 Bxa4 42. Be3 0-1

[Event "Piestany Pressburg op"]
[Site "Piestany"]
[Date "2009.11.21"]
[Round "6"]
[White "Manak, Adrian"]
[Black "Kozak, Milos"]
[Result "0-1"]
[WhiteElo "1815"]
[BlackElo "2229"]
[PlyCount "116"]
[EventDate "2009.11.17"]
[EventType "swiss"]
[EventRounds "7"]
[EventCountry "SVK"]
[SourceTitle "CBM 133 Extra"]
[Source "ChessBase"]
[SourceDate "2010.01.05"]
[SourceVersion "1"]
[SourceVersionDate "2010.01.05"]
[SourceQuality "1"]

1. e4 e5 2. Nf3 Nc6 3. Bb5 a6 4. Ba4 Nf6 5. 0-0 Be7 6. d4 exd4 7. e5 Ne4 8. Re1 Nc5 9. Bxc6 dxc6 10. Nxd4 0-0 11. c3 f5 12. f4 Ne6 13. Qb3 Qd5 14. Qxd5 cxd5 15. Be3 c5 16. Nb3 b6 17. N1d2 Rd8 18. Nf3 h6 19. g3 g5 20. Kf2 Kh7 21. Rad1 Bb7 22. Rd2 a5 23. Red1 Rd7 24. Ng1 Rad8 25. Ne2 Bc6 26. Nbc1 Kg6 27. h3 a4 28. a3 Bb5 29. Kf3 Bc6 30. Kf2 g4 31. h4 Bb5 32. Kg2 Bc4 33. Bf2 Rb7 34. Be3 b5 35. Bf2 Rdb8 36. Nd3 Bb3 37. Rc1 Rc8 38. Be3 Bd8 39. Kf2 Bb6 40. Ne1 Rbc7 41. Kg2 Ba5 42. Bf2 d4 43. Nc2 Rd8 44. Rcd1 d3 45. Rxd3 Rxd3 46. Rxd3 Bxc2 47. Rd6 Be4+ 48. Kf1 Rc6 49. Bxc5 Rxd6 50. Bxd6 Bd3 51. Ke1 Kf7 52. Kd2 Bc4 53. Ke3 Bb6+ 54. Nd4 h5 55. Bb4 Nc7 56. Bd6 Ne6 57. Bb4 Nxd4 58. cxd4 Ke6 0-1

[Event "Piestany Pressburg op"]
[Site "Piestany"]
[Date "2009.11.17"]
[Round "1"]
[White "Jakubek, Peter"]
[Black "Manak, Adrian"]
[Result "0-1"]
[WhiteElo "2155"]
[BlackElo "1815"]
[PlyCount "100"]
[EventDate "2009.11.17"]
[EventType "swiss"]
[EventRounds "7"]
[EventCountry "SVK"]
[SourceTitle "CBM 133 Extra"]
[Source "ChessBase"]
[SourceDate "2010.01.05"]
[SourceVersion "1"]
[SourceVersionDate "2010.01.05"]
[SourceQuality "1"]

1. d4 d5 2. Nf3 Nf6 3. e3 Bg4 4. c4 c6 5. Qb3 Qb6 6. Nc3 Qxb3 7. axb3 e6 8. Ne5 Bf5 9. c5 Nbd7 10. f4 Nxe5 11. fxe5 Nd7 12. b4 Be7 13. b5 0-0 14. Be2 f6 15. exf6 Bxf6 16. 0-0 g5 17. Bd2 Bg7 18. Be1 e5 19. Bf2 exd4 20. exd4 Nf6 21. bxc6 bxc6 22. Ba6 Rf7 23. h3 Ne4 24. Nxe4 Bxe4 25. Be3 Re7 26. Rad1 h6 27. Bf2 Rb8 28. Rd2 Rb3 29. Re1 Re6 30. Bd3 Kf7 31. Bxe4 Rxe4 32. Rxe4 dxe4 33. Re2 e3 34. Rxe3 Rxe3 35. Bxe3 Ke6 36. h4 gxh4 37. Kh2 Kf5 38. d5 cxd5 39. c6 d4 40. Kh3 Ke6 41. Bf4 d3 42. Kxh4 Bxb2 43. Bd2 Kd6 44. Kh5 Bg7 45. Kg6 Bd4 46. Kxh6 Kxc6 47. Kg6 a5 48. Kf5 a4 49. Ke4 Kc5 50. g4 a3 0-1